000 00845nam a2200241Ia 4500
003 IN-BaIIA
008 211028s9999 xx 000 0 eng d
020 _a1-56396-987-4
040 _cIIA Library
080 _a52
_bEXP
100 _aChang, H.-Y.
_925083
111 _aKIAS Astrophysics Workshop
_n1st
_cSeoul, Korea
_d2000 May 24-27
_925084
245 0 _aExplosive phenomena in astrophysical compact objects
_bfirst KIAS astrophysics workshop held in Seoul, Korea, May 24-27, 2000
_cH.-Y. Chang
260 _aMelville
_bAmerican Institute of Physics
_c2000
300 _aixv, 404p.
490 _aAIP conference proceedings; v. 556
650 _aAstrophysics
_9794
650 _aBlack holes
_97728
650 _aGamma-ray bursts
_910403
650 _aMagnetohdrodynamics
_925085
650 _aRelativistic- astrophysics
_96801
942 _cBK
999 _c14215
_d14215